Oracle SQL : (Record no. 189458)

MARC details
000 -LEADER
fixed length control field 00723nam a2200229Ia 4500
005 - DATE AND TIME OF LATEST TRANSACTION
control field 20220617104928.0
008 - FIXED-LENGTH DATA ELEMENTS--GENERAL INFORMATION
fixed length control field 210716s2005 xx 000 0 und d
020 ## - INTERNATIONAL STANDARD BOOK NUMBER
International Standard Book Number 1555583237
040 ## - CATALOGING SOURCE
Transcribing agency AIMIT LIBRARY
041 ## - LANGUAGE CODE
Language code of text/sound track or separate title eng
082 ## - DEWEY DECIMAL CLASSIFICATION NUMBER
Classification number 005.7402
Edition number 1
Item number POWG
100 ## - MAIN ENTRY--PERSONAL NAME
Personal name Powell, Gavin.
9 (RLIN) 43626
245 ## - TITLE STATEMENT
Title Oracle SQL :
Remainder of title Jumpstart with examples /
Statement of responsibility, etc. By Gavin Powell and Carol McCullough-Dieter.
250 ## - EDITION STATEMENT
Edition statement 1st ed.
260 ## - PUBLICATION, DISTRIBUTION, ETC.
Place of publication, distribution, etc. Singapore :
Name of publisher, distributor, etc. Elsevier Digital Press ,
Date of publication, distribution, etc. 2005.
300 ## - PHYSICAL DESCRIPTION
Extent xxix, 652p. ;
Dimensions 23 cm.
650 ## - SUBJECT ADDED ENTRY--TOPICAL TERM
Topical term or geographic name entry element Filtering rows
9 (RLIN) 43627
650 ## - SUBJECT ADDED ENTRY--TOPICAL TERM
Topical term or geographic name entry element Sorting rows
9 (RLIN) 43628
650 ## - SUBJECT ADDED ENTRY--TOPICAL TERM
Topical term or geographic name entry element Joining tables
9 (RLIN) 43629
700 ## - ADDED ENTRY--PERSONAL NAME
Personal name Mccullough dieter, Carol.
9 (RLIN) 43630
942 ## - ADDED ENTRY ELEMENTS (KOHA)
Source of classification or shelving scheme Dewey Decimal Classification
Koha item type Book
Edition 1st ed.
Call number prefix 005.7402 POWG
Holdings
Withdrawn status Lost status Source of classification or shelving scheme Damaged status Not for loan Collection code Home library Current library Source of acquisition Cost, normal purchase price Inventory number Total Checkouts Full call number Barcode Date last seen Cost, replacement price Price effective from Koha item type
    Dewey Decimal Classification     MCA St Aloysius Institute of Management & Information Technology St Aloysius Institute of Management & Information Technology Athulya Books 495.00 Bill no:ABK 505; Bill dt:2008-12   005.7402 POWG MCA08966 05/23/2026 386.10 07/16/2021 Book
    Dewey Decimal Classification     MCA St Aloysius Institute of Management & Information Technology St Aloysius Institute of Management & Information Technology Athulya Books 495.00 Bill no:ABK 921; Bill dt:2009-03   005.7402 POWG MCA08982 05/23/2026 386.10 07/16/2021 Book